Statistics for Name capitals of countries starting with a letter D

Click here to take the quiz!

General Stats

  • This quiz has been taken 17 times
  • The average score is 4 of 5

Answer Stats

CountryCapital% Correct
DenmarkCopenhagen
100%
DjiboutiDjibouti
100%
DR CongoKinshasa
86%
Dominican
Republic
Santo Domingo
79%
DominicaRoseau
43%

Score Distribution

Percentile by Number Answered

Percent of People with Each Score

Your Score History

You have not taken this quiz